The Documentary history of the first Federal elections, 1788-1790 /

Saved in:
Bibliographic Details
Other Authors: Jensen, Merrill, Becker, Robert A., 1943-
Format: Book
Language:English
Published: Madison : University of Wisconsin Press, 1976-1989.
Subjects:
LEADER 01671nam a2200349 i 4500
001 c000239302
003 CARM
005 00000000000000.0
008 850711m19761989xx 0 eng d
019 1 |a 728495  |z 41554894  |5 LACONCORD2021 
020 |a 0299066908 
035 |a (OCoLC)1527247  |5 LACONCORD2021 
082 0 4 |a 329.0237303 
245 0 4 |a The Documentary history of the first Federal elections, 1788-1790 /  |c edited by Merrill Jensen, Robert A. Becker. 
246 3 |a First Federal elections, 1788-1790 
260 |a Madison :  |b University of Wisconsin Press,  |c 1976-1989. 
300 |a 4 v. :  |b maps ;  |c 25 cm. 
500 |a On spine: The first federal elections, 1788-1790. 
504 |a Includes bibliographies and indexes. 
650 0 |a Elections  |z United States  |x History  |x Sources. 
651 0 |a United States  |x Politics and government  |y 1789-1797  |x Sources. 
700 1 |a Jensen, Merrill. 
700 1 |a Becker, Robert A.,  |d 1943- 
852 8 |b CARM  |h A2:AH21H0  |i C08740  |p 0335853  |f BK 
852 8 |b CARM  |h A2:AH21H0  |i C08740  |p 0335854  |f BK 
852 8 |b CARM  |h A2:AH21H0  |i C08740  |p 0335855  |f BK 
852 8 |b CARM  |h A2:AH21H0  |i C08740  |p 0335859  |f BK 
999 f f |i 69789070-706b-5fc2-980a-126da740f61b  |s b36cbcb7-520a-5001-84cb-f8fdfce11b0d 
952 f f |p Can circulate  |a CAVAL  |b CAVAL  |c CAVAL  |d CARM 1 Store  |e C08740  |f A2:AH21H0  |h Other scheme  |i book  |m 0335853 
952 f f |p Can circulate  |a CAVAL  |b CAVAL  |c CAVAL  |d CARM 1 Store  |e C08740  |f A2:AH21H0  |h Other scheme  |i book  |m 0335859 
952 f f |p Can circulate  |a CAVAL  |b CAVAL  |c CAVAL  |d CARM 1 Store  |e C08740  |f A2:AH21H0  |h Other scheme  |i book  |m 0335855 
952 f f |p Can circulate  |a CAVAL  |b CAVAL  |c CAVAL  |d CARM 1 Store  |e C08740  |f A2:AH21H0  |h Other scheme  |i book  |m 0335854